[Event "Asia zt"]
[Site "India"]
[Date "1990.??.??"]
[Round "?"]
[White "Al Modiahki, Mohamad"]
[Black "Mirza, Shahzad"]
[Result "1/2-1/2"]
[WhiteElo "2235"]
[BlackElo "2300"]
[EventDate "1990.??.??"]
[PlyCount "97"]

1.e4 e5 2.Nf3 Nf6 3.Nxe5 d6 4.Nf3 Nxe4 5.Nc3 Nxc3 6.dxc3 Be7 7.Be3 O-O 8.
Qd2 Nc6 9.O-O-O Qd7 10.Bd3 Qg4 11.Kb1 Be6 12.h4 Ne5 13.Nh2 Qa4 14.b3 Qc6 
15.Be2 Qd7 16.g4 Kh8 17.Rhg1 f5 18.g5 Rfe8 19.h5 Bf8 20.Rg2 Re7 21.Rdg1 g6
22.f4 Nc6 23.hxg6 hxg6 24.Nf3 Rh7 25.Bd3 Bd5 26.Qf2 Re8 27.Rh2 Rxh2 28.
Qxh2+ Qh7 29.Qf2 Kg8 30.Kb2 Bg7 31.Bf1 Qh8 32.Bd2 Kf7 33.Bg2 Be4 34.Rh1 
Qf8 35.Nh4 d5 36.Bf3 Bxf3 37.Qxf3 Qd6 38.Kb1 d4 39.Rd1 Qc5 40.c4 a5 41.Ng2
a4 42.Ne1 axb3 43.cxb3 Ra8 44.Bc1 Qa5 45.Rd2 Rd8 46.Nd3 Re8 47.Rc2 Re4 48.
Nf2 Re7 49.Nd3 1/2-1/2

[Event "Asia zt"]
[Site "India"]
[Date "1990.??.??"]
[Round "?"]
[White "Lodhi, Mahmood"]
[Black "Rimawi, BT"]
[Result "1/2-1/2"]
[WhiteElo "2425"]
[BlackElo "2230"]
[EventDate "1990.??.??"]
[PlyCount "125"]

1.d4 Nf6 2.c4 e6 3.Nf3 c5 4.d5 exd5 5.cxd5 d6 6.Nc3 g6 7.e4 Bg7 8.Be2 O-O 
9.O-O Re8 10.Nd2 Na6 11.f3 Nc7 12.a4 b6 13.Nc4 Ba6 14.Bf4 Nh5 15.Bd2 Bxc4 
16.Bxc4 Bd4+ 17.Kh1 Ng3+ 18.hxg3 Re5 19.f4 Rh5+ 20.Qxh5 gxh5 21.Rae1 a6 
22.b3 Rb8 23.Ne2 Bg7 24.Ng1 b5 25.axb5 axb5 26.Bd3 Ra8 27.Bc1 Ra2 28.Nf3 
Qd7 29.Nh4 Qg4 30.Rf3 Qd7 31.Nf5 Bc3 32.Rd1 b4 33.Kh2 Nb5 34.e5 Nd4 35.
Nxd4 Bxd4 36.exd6 Qxd6 37.Bc4 Qg6 38.f5 Qg4 39.Rdf1 h4 40.Be3 h3 41.R1f2 
Rxf2 42.Bxf2 Bxf2 43.Rxf2 hxg2 44.Kxg2 Qd4 45.f6 Kf8 46.Rf4 Qd2+ 47.Kh3 
Ke8 48.Rh4 Qd1 49.Re4+ Kd7 50.Kg2 Kd6 51.Re2 Qa1 52.Rf2 Qb1 53.Rf4 Qa1 54.
Rf1 Qc3 55.Kh3 Qe5 56.Kg4 Qe4+ 57.Rf4 Qg6+ 58.Kh3 h6 59.Rf1 Qh5+ 60.Kg2 
Qe5 61.Rf2 Qa1 62.Re2 Qxf6 63.Ra2 1/2-1/2

[Event "Asia zt"]
[Site "India"]
[Date "1990.??.??"]
[Round "?"]
[White "Ravi, Lanka"]
[Black "Al Modiahki, Mohamad"]
[Result "1/2-1/2"]
[WhiteElo "2415"]
[BlackElo "2235"]
[EventDate "1990.??.??"]
[PlyCount "58"]

1.d4 Nf6 2.c4 g6 3.Nc3 Bg7 4.e4 d6 5.Be2 O-O 6.Nf3 e5 7.Be3 exd4 8.Nxd4 
Re8 9.f3 c6 10.O-O d5 11.cxd5 Nxd5 12.Nxd5 cxd5 13.Bb5 Bd7 14.Qb3 Nc6 15.
Bxc6 bxc6 16.Qc2 dxe4 17.fxe4 Qe7 18.Qc4 Qxe4 19.Qxf7+ Kh8 20.Bf2 Re7 21.
Qc4 Be6 22.Qc5 Bd5 23.Nf3 Rf7 24.Bd4 Raf8 25.b3 Rxf3 26.Rxf3 Rxf3 27.gxf3 
Qxf3 28.Bxg7+ Kxg7 29.Qe7+ Kg8 1/2-1/2

[Event "Asia zt"]
[Site "India"]
[Date "1990.??.??"]
[Round "?"]
[White "Ravi, Lanka"]
[Black "Shadarevian, Michael"]
[Result "1-0"]
[WhiteElo "2415"]
[BlackElo "2335"]
[EventDate "1990.??.??"]
[PlyCount "129"]

1.d4 Nf6 2.c4 g6 3.Nc3 Bg7 4.g3 O-O 5.Bg2 d6 6.Nf3 Nbd7 7.O-O e5 8.e4 exd4
9.Nxd4 Nc5 10.h3 Re8 11.Re1 a5 12.b3 Nfd7 13.Be3 Ne5 14.Qc2 a4 15.Rad1 
axb3 16.axb3 Na6 17.Na2 Bd7 18.Kh2 Qb8 19.Nb5 Nc6 20.Nac3 Ncb4 21.Qd2 Bc6 
22.Nd5 Nxd5 23.exd5 Bd7 24.b4 Be5 25.Bd4 Bxd4 26.Nxd4 Qa7 27.Rxe8+ Rxe8 
28.Rb1 Qb6 29.Rb2 Nb8 30.Qc3 Qa6 31.c5 dxc5 32.bxc5 Qa1 33.Qd2 Qa6 34.Qf4 
Rc8 35.d6 Nc6 36.Nb5 Qa1 37.Re2 Qa5 38.Bd5 Rf8 39.Bc4 Qb4 40.Nxc7 Qxc5 41.
Nd5 Qd4 42.Nf6+ Kg7 43.Nxd7 Qxf4 44.gxf4 Rd8 45.Ne5 Rxd6 46.Nxf7 Rd4 47.
Ba2 Rxf4 48.Ng5 Nd4 49.Ne6+ Nxe6 50.Bxe6 b5 51.Kg3 Rd4 52.Bb3 Kf6 53.Re3 
g5 54.Bc2 h6 55.Rc3 Rd6 56.Rc5 b4 57.f3 Rb6 58.Bb3 Kg6 59.h4 Rf6 60.hxg5 
hxg5 61.Rc4 Rb6 62.Kg4 Kh6 63.Rc7 Rd6 64.Bc2 Rd4+ 65.Be4 1-0

[Event "Asia zt"]
[Site "India"]
[Date "1990.??.??"]
[Round "?"]
[White "Ravisekhar, Raja"]
[Black "Al Modiahki, Mohamad"]
[Result "1-0"]
[WhiteElo "2380"]
[BlackElo "2235"]
[EventDate "1990.??.??"]
[PlyCount "51"]

1.d4 Nf6 2.c4 g6 3.Nc3 Bg7 4.e4 d6 5.Nf3 O-O 6.h3 c5 7.Be2 Nbd7 8.d5 Ne8 
9.O-O Ndf6 10.Bg5 e5 11.dxe6 Bxe6 12.Qd2 Qc7 13.Nh2 a6 14.f4 b5 15.cxb5 
axb5 16.Bxb5 Qb7 17.f5 Nxe4 18.Nxe4 Bxf5 19.Rxf5 gxf5 20.Nc3 Bxc3 21.bxc3 
Qxb5 22.Bh6 f4 23.Qxf4 f6 24.Qg4+ Kf7 25.Re1 Rg8 26.Qh5+ 1-0

[Event "Asia zt"]
[Site "India"]
[Date "1990.??.??"]
[Round "?"]
[White "Ravisekhar, Raja"]
[Black "Ravi, Lanka"]
[Result "1/2-1/2"]
[WhiteElo "2380"]
[BlackElo "2415"]
[EventDate "1990.??.??"]
[PlyCount "39"]

1.d4 Nf6 2.Nf3 e6 3.g3 c5 4.Bg2 Nc6 5.O-O d5 6.b3 cxd4 7.Nxd4 Bc5 8.Bb2 
O-O 9.e3 Qe7 10.Nd2 Rd8 11.N2f3 Bd7 12.Nxc6 Bxc6 13.Qe2 Rac8 14.Ne5 Be8 
15.Rfd1 b5 16.Rac1 Ba3 17.c3 Rc7 18.b4 Bxb2 19.Qxb2 Qd6 20.c4 1/2-1/2

[Event "Asia zt"]
[Site "India"]
[Date "1990.??.??"]
[Round "?"]
[White "Rimawi, BT"]
[Black "Ravi, Lanka"]
[Result "0-1"]
[WhiteElo "2230"]
[BlackElo "2415"]
[EventDate "1990.??.??"]
[PlyCount "78"]

1.e4 e6 2.d4 d5 3.Nc3 Bb4 4.e5 Ne7 5.a3 Bxc3+ 6.bxc3 c5 7.Nf3 Qa5 8.Bd2 
Nbc6 9.Be2 Bd7 10.O-O f6 11.c4 Qc7 12.cxd5 Nxd5 13.c4 Nde7 14.exf6 gxf6 
15.Bc3 cxd4 16.Nxd4 Nxd4 17.Qxd4 e5 18.Qh4 O-O 19.Bd3 Bf5 20.Rad1 Ng6 21.
Qg3 Bxd3 22.Qxd3 Rad8 23.Qe4 Nf4 24.h4 Qc8 25.f3 Qc5+ 26.Kh2 Rxd1 27.Rxd1 
Qf2 28.Rd2 Qxh4+ 29.Kg1 Kh8 30.a4 Qg3 31.Qf5 Qe1+ 32.Kh2 Qh4+ 33.Kg1 Rg8 
34.Qe4 Qg3 35.Bxe5 Nh3+ 36.Kf1 fxe5 37.gxh3 Qg1+ 38.Ke2 Rg2+ 39.Kd3 Qb1+ 
0-1

[Event "Asia zt"]
[Site "India"]
[Date "1990.??.??"]
[Round "?"]
[White "Shadarevian, Michael"]
[Black "Lodhi, Mahmood"]
[Result "1-0"]
[WhiteElo "2335"]
[BlackElo "2425"]
[EventDate "1990.??.??"]
[PlyCount "105"]

1.d4 Nf6 2.c4 e5 3.dxe5 Ng4 4.Nf3 Bc5 5.e3 Nc6 6.Be2 O-O 7.O-O Ncxe5 8.
Nxe5 Nxe5 9.Nc3 a5 10.b3 d6 11.Bb2 Qh4 12.Nd5 c6 13.g3 Qd8 14.Nf4 Bf5 15.
Bd4 Ba3 16.Qd2 Qc7 17.f3 Rad8 18.e4 Bc8 19.Kh1 b6 20.g4 Bb7 21.Rad1 Bb4 
22.Qc1 Bc5 23.Bc3 Qe7 24.Nh5 g6 25.Ng3 d5 26.Qb2 f6 27.g5 d4 28.Bxd4 Rxd4 
29.Rxd4 fxg5 30.Rdd1 h5 31.Kg2 Bc8 32.h3 h4 33.Nh1 Qe6 34.Nf2 Bxf2 35.Kxf2
Nxf3 36.Ke3 Ne5 37.Rxf8+ Kxf8 38.Rd8+ Ke7 39.Rxc8 Qxh3+ 40.Kd2 Qh2 41.Qc3 
g4 42.Qe3 Kf7 43.Qh6 Kf6 44.Rf8+ Nf7 45.Qh8+ Ke7 46.Re8+ Kd7 47.Qf8 Qd6+ 
48.Qxd6+ Nxd6 49.Rh8 g5 50.Bxg4+ Ke7 51.Ke3 Nf7 52.Rh7 Kf6 53.Rxf7+ 1-0

[Event "Asia zt"]
[Site "India"]
[Date "1990.??.??"]
[Round "?"]
[White "Shadarevian, Michael"]
[Black "Ravisekhar, Raja"]
[Result "1/2-1/2"]
[WhiteElo "2335"]
[BlackElo "2380"]
[EventDate "1990.??.??"]
[PlyCount "132"]

1.Nf3 Nf6 2.c4 d6 3.Nc3 e5 4.d4 Nbd7 5.e4 Be7 6.Be2 O-O 7.O-O c6 8.h3 a6 
9.a4 exd4 10.Nxd4 Nc5 11.Qc2 a5 12.Be3 Re8 13.Rad1 Qc7 14.Bf3 Bf8 15.Rfe1 
h6 16.g4 Nfd7 17.Bg2 Ne5 18.Nce2 Bd7 19.Ng3 Rad8 20.Ndf5 Bc8 21.f4 Ng6 22.
Nh5 Bxf5 23.gxf5 Nh8 24.Bf3 f6 25.Kh2 Qf7 26.Bd4 Kh7 27.b3 b5 28.Ng3 bxa4 
29.bxa4 Qb7 30.Bh5 Nf7 31.Rg1 Rb8 32.Bf3 Qb3 33.Qg2 Nd3 34.Nh5 Nxf4 35.
Nxf4 Ng5 36.Rd3 Qxc4 37.h4 Nxf3+ 38.Qxf3 c5 39.Nd5 cxd4 40.Qg3 Rb2+ 41.Kh3
Kh8 42.Nf4 Reb8 43.Ne6 R8b3 44.Rgd1 Rxd3 45.Rxd3 Qc1 46.Kg4 Qh1 47.Qf3 
Rg2+ 48.Kh5 Qg1 49.Rd1 Qh2 50.Rb1 Be7 51.Rb7 Rg3 52.Rxe7 Kg8 53.Qf1 d3 54.
Rb7 d2 55.Rb8+ Kf7 56.Rb7+ Kg8 57.Rb1 d5 58.Rb8+ Kf7 59.exd5 Rg1 60.Rb7+ 
Kg8 61.Rb8+ Qxb8 62.Qxg1 Qe8+ 63.Kg4 Qxa4+ 64.Kh3 Qa3+ 65.Kh2 Qd6+ 66.Kh3 
Qa3+ 1/2-1/2

[Event "Asia zt"]
[Site "India"]
[Date "1990.??.??"]
[Round "?"]
[White "Sursock, Sameer"]
[Black "Thipsay, Praveen Mahadeo"]
[Result "0-1"]
[WhiteElo "2260"]
[BlackElo "2435"]
[EventDate "1990.??.??"]
[PlyCount "64"]

1.e4 e5 2.Nf3 Nc6 3.Bb5 a6 4.Ba4 Nf6 5.O-O Be7 6.Re1 b5 7.Bb3 O-O 8.c3 d6 
9.h3 Na5 10.Bc2 c5 11.d4 Qc7 12.Nbd2 cxd4 13.cxd4 Nc6 14.Nb3 a5 15.Be3 a4 
16.Nbd2 Bd7 17.Rc1 Qb7 18.a3 Rfc8 19.Bb1 Be8 20.dxe5 dxe5 21.Nh4 g6 22.Qf3
Rd8 23.g4 Nd7 24.Qg3 b4 25.Nc4 bxa3 26.bxa3 Na5 27.Nf3 Nxc4 28.Rxc4 Qb2 
29.Bc2 Qxa3 30.Rb1 Rdc8 31.Bc1 Qa2 32.Nxe5 Rxc4 0-1

[Event "Asia zt"]
[Site "India"]
[Date "1990.??.??"]
[Round "?"]
[White "Thipsay, Praveen Mahadeo"]
[Black "Lodhi, Mahmood"]
[Result "1/2-1/2"]
[WhiteElo "2490"]
[BlackElo "2425"]
[EventDate "1990.??.??"]
[PlyCount "111"]

1.e4 e5 2.Nf3 Nc6 3.Bb5 a6 4.Ba4 Nf6 5.O-O Be7 6.Re1 b5 7.Bb3 d6 8.c3 O-O 
9.h3 Bb7 10.d4 Re8 11.a4 Bf8 12.d5 Na5 13.Ba2 c6 14.Na3 cxd5 15.exd5 bxa4 
16.Qxa4 Bc8 17.Be3 Nb7 18.Nc4 Bd7 19.Qd1 a5 20.Nb6 Rb8 21.Bc4 Qc7 22.Nxd7 
Nxd7 23.Bb5 Nbc5 24.Qe2 Rec8 25.Ra3 e4 26.Nd4 Nd3 27.Rea1 N7e5 28.Rxa5 
Nxb2 29.Nc6 Nxc6 30.dxc6 Nd3 31.Ra7 Qd8 32.Bxd3 exd3 33.Qxd3 Rxc6 34.Rxf7 
Rc7 35.Rxc7 Qxc7 36.Ra7 Qc6 37.Bd4 Rb7 38.Ra6 Qb5 39.Qxb5 Rxb5 40.Kf1 Rb7 
41.Ke2 Kf7 42.Kd3 Be7 43.Ke4 g6 44.Ra7 Rb1 45.Kd5 h5 46.h4 Rb5+ 47.Kc6 Rb2
48.Kd7 Rb8 49.Be3 Rd8+ 50.Kc6 Rc8+ 51.Kd5 Rxc3 52.g3 Rc2 53.Rd7 Re2 54.Rc7
Re1 55.Bg5 Re5+ 56.Kd4 1/2-1/2

[Event "Asia zt"]
[Site "India"]
[Date "1990.??.??"]
[Round "?"]
[White "Thipsay, Praveen Mahadeo"]
[Black "Ravi, Lanka"]
[Result "1-0"]
[WhiteElo "2435"]
[BlackElo "2415"]
[EventDate "1990.??.??"]
[PlyCount "67"]

1.e4 c6 2.d4 d5 3.Nd2 dxe4 4.Nxe4 Nd7 5.Nf3 Ngf6 6.Nxf6+ Nxf6 7.Ne5 Bf5 8.
c3 e6 9.g4 Bg6 10.h4 Bd6 11.Qe2 c5 12.dxc5 Bxe5 13.Qxe5 O-O 14.f3 Nd7 15.
Qd6 Rc8 16.h5 Bc2 17.Be3 Ba4 18.h6 Qf6 19.Qd4 Qxd4 20.cxd4 g6 21.b4 Bc6 
22.Rh3 f5 23.Bc4 Bd5 24.Bxd5 exd5 25.gxf5 Rxf5 26.b5 Kf7 27.Ke2 Ke6 28.Rc1
Nf6 29.Rg3 Nh5 30.Rg5 Rxg5 31.Bxg5 Kd7 32.Kf2 Rf8 33.Re1 Re8 34.c6+ 1-0

[Event "Asia zt"]
[Site "India"]
[Date "1990.??.??"]
[Round "?"]
[White "Thipsay, Praveen Mahadeo"]
[Black "Ravisekhar, Raja"]
[Result "1-0"]
[WhiteElo "2435"]
[BlackElo "2380"]
[EventDate "1990.??.??"]
[PlyCount "53"]

1.e4 d6 2.d4 Nf6 3.Nc3 c6 4.f4 Qa5 5.Bd3 e5 6.Nf3 Bg4 7.Be3 Nbd7 8.Qd2 
Bxf3 9.gxf3 Be7 10.O-O-O O-O-O 11.Kb1 Kb8 12.fxe5 dxe5 13.Qg2 Nh5 14.Bc4 
exd4 15.Bxd4 Ne5 16.Bb3 Bf6 17.Ne2 Qc7 18.Qf2 b6 19.f4 Nd7 20.e5 c5 21.
Bxf7 g6 22.Bc3 Bg7 23.Qe3 b5 24.e6 Bxc3 25.Nxc3 Ndf6 26.Rxd8+ Rxd8 27.e7 
1-0

[Event "Cartagena zt (Women)"]
[Site "Cartagena"]
[Date "1990.??.??"]
[Round "?"]
[White "Frometa Castillo, Zirka"]
[Black "De Armas, Asela"]
[Result "1/2-1/2"]
[WhiteElo "2190"]
[BlackElo "2255"]
[EventDate "1990.??.??"]
[PlyCount "119"]

1.d4 Nf6 2.Nf3 d6 3.e3 g6 4.c4 Bg7 5.Nc3 O-O 6.Be2 Nbd7 7.O-O e5 8.Qc2 c6 
9.b3 Qc7 10.Ba3 Re8 11.Rad1 Bf8 12.dxe5 dxe5 13.Bb2 Nc5 14.b4 Bf5 15.Qc1 
Ncd7 16.a3 e4 17.Nd4 Bg4 18.h3 Bxe2 19.Ncxe2 a5 20.b5 Ne5 21.Qc3 Bg7 22.
bxc6 bxc6 23.Nc1 Nfd7 24.Qc2 Nc5 25.Ndb3 Nxb3 26.Nxb3 Rab8 27.Bd4 f5 28.
Qc3 a4 29.Nc5 Qe7 30.f4 exf3 31.gxf3 Ra8 32.f4 Nd7 33.Nxd7 Qxd7 34.Rfe1 
Qe7 35.Bxg7 Qxg7 36.Qxg7+ Kxg7 37.Rd7+ Kh6 38.Rc7 Rec8 39.Rxc8 Rxc8 40.Rb1
Kh5 41.Rb4 Kh4 42.Kg2 h6 43.Kh2 g5 44.fxg5 hxg5 45.Kg2 Re8 46.c5+ g4 47.
hxg4 fxg4 48.Rxa4 Rxe3 49.Ra6 Re2+ 50.Kf1 Ra2 51.Rxc6 Rxa3 52.Rh6+ Kg3 53.
c6 Rc3 54.Rf6 Rc2 55.Rd6 Rc1+ 56.Ke2 Kg2 57.Rg6 g3 58.Ke3 Kh2 59.Kd4 g2 
60.Kd5 1/2-1/2

[Event "Cartagena zt (Women)"]
[Site "Cartagena"]
[Date "1990.??.??"]
[Round "?"]
[White "Ramon Pita, Vivian"]
[Black "Salazar, Adriana"]
[Result "1/2-1/2"]
[WhiteElo "2200"]
[BlackElo "2115"]
[EventDate "1990.??.??"]
[PlyCount "58"]

1.c4 Nf6 2.Nc3 d6 3.g3 g6 4.Bg2 Bg7 5.e3 O-O 6.Nge2 Nc6 7.O-O e5 8.d3 Be6 
9.Nd5 Qd7 10.Rb1 Bh3 11.b4 Bxg2 12.Kxg2 Nd8 13.Qb3 Nh5 14.e4 c6 15.Ndc3 
Ne6 16.f3 Kh8 17.Bd2 f5 18.Rf2 Rf7 19.Rbf1 Raf8 20.Qa3 a6 21.Qb3 Qe7 22.b5
fxe4 23.fxe4 Rxf2+ 24.Rxf2 Rxf2+ 25.Kxf2 Nd4 26.Nxd4 exd4 27.Ne2 Qf7+ 28.
Kg2 axb5 29.cxb5 Qxb3 1/2-1/2

[Event "Cartagena zt (Women)"]
[Site "Cartagena"]
[Date "1990.??.??"]
[Round "?"]
[White "Salazar, Adriana"]
[Black "De Armas, Asela"]
[Result "1/2-1/2"]
[WhiteElo "2115"]
[BlackElo "2255"]
[EventDate "1990.??.??"]
[PlyCount "47"]

1.e4 c5 2.Nc3 e6 3.g3 d5 4.exd5 exd5 5.Bg2 Nf6 6.d4 cxd4 7.Qxd4 Nc6 8.Qa4 
Be7 9.Nge2 O-O 10.O-O Bf5 11.Rd1 Nb4 12.Nd4 Be4 13.Nf3 Qd6 14.a3 Nc6 15.
Nxd5 Ne5 16.Nxe7+ Qxe7 17.Qb3 Rfc8 18.Bf4 Nxf3+ 19.Bxf3 Bxf3 20.Qxf3 Rxc2 
21.Re1 Qc5 22.Be3 Qd5 23.Qxd5 Nxd5 24.Bd4 1/2-1/2

[Event "Kuala Lumpur zt"]
[Site "Kuala Lumpur"]
[Date "1990.??.??"]
[Round "?"]
[White "Abdullah, Mansoor"]
[Black "Carless, David"]
[Result "1-0"]
[WhiteElo "2240"]
[BlackElo "2270"]
[EventDate "1990.??.??"]
[PlyCount "123"]

1.d4 d6 2.e4 g6 3.f4 Bg7 4.Nf3 c6 5.a4 d5 6.e5 h5 7.Be2 Nh6 8.O-O Bg4 9.c3
e6 10.a5 Bf8 11.b4 Be7 12.Qa4 Kf8 13.Nbd2 Kg7 14.Nb3 Nd7 15.Bd2 Qc8 16.Nc5
Nf5 17.Bd3 Bxf3 18.Rxf3 h4 19.Rff1 Rd8 20.Rfb1 Nf8 21.Qd1 Qd7 22.Nb3 b6 
23.axb6 axb6 24.Rxa8 Rxa8 25.Ra1 Qb7 26.Rxa8 Qxa8 27.Qa1 Qxa1+ 28.Nxa1 Nd7
29.Kf2 Kh6 30.Kf3 Kh5 31.Be2 Bd8 32.g4+ hxg3 33.hxg3 Kh6 34.Nb3 Kg7 35.g4 
Ne7 36.Be1 Ng8 37.Bf2 Nh6 38.Bd3 Kh7 39.Be1 Kg7 40.Nd2 Kh7 41.Nf1 Kg7 42.
Ne3 Nf8 43.Ba6 Nd7 44.Bg3 Kf8 45.Bf2 Ke8 46.Bd3 Nf8 47.c4 Kd7 48.cxd5 cxd5
49.f5 gxf5 50.gxf5 f6 51.Bb5+ Ke7 52.exf6+ Kf7 53.fxe6+ Kxe6 54.Bc6 Bxf6 
55.Bxd5+ Kd7 56.Ke4 Ne6 57.Bxe6+ Kxe6 58.d5+ Kd7 59.Nc4 b5 60.Na3 Bc3 61.
Bc5 Ng4 62.Kd3 1-0

[Event "Kuala Lumpur zt"]
[Site "Kuala Lumpur"]
[Date "1990.??.??"]
[Round "?"]
[White "Abdullah, Mansoor"]
[Black "Ginting, Nasib"]
[Result "0-1"]
[WhiteElo "2240"]
[BlackElo "2400"]
[EventDate "1990.??.??"]
[PlyCount "78"]

1.e4 c5 2.c4 Nc6 3.Nc3 g6 4.Nge2 Bg7 5.g3 e6 6.Bg2 Nge7 7.O-O O-O 8.d3 d6 
9.a3 a6 10.Rb1 Rb8 11.b4 cxb4 12.axb4 b5 13.cxb5 axb5 14.d4 d5 15.exd5 
Nxd5 16.Nxd5 exd5 17.Be3 Bf5 18.Rc1 Nxb4 19.Qb3 Na6 20.Bxd5 Nc7 21.Rc5 
Nxd5 22.Rxd5 Be6 23.Rxd8 Bxb3 24.Rxb8 Rxb8 25.Rb1 Bc4 26.Nc1 Kf8 27.Nb3 
Ke7 28.Nc5 Ra8 29.Bg5+ Kd6 30.Ne4+ Kc6 31.Be3 Rd8 32.Rd1 b4 33.Rc1 Kd5 34.
Nd2 Rc8 35.Rb1 Bf8 36.Ra1 b3 37.Ra5+ Ke6 38.Ra4 b2 39.d5+ Bxd5 0-1

[Event "Kuala Lumpur zt"]
[Site "Kuala Lumpur"]
[Date "1990.??.??"]
[Round "?"]
[White "Abdullah, Mansoor"]
[Black "Lim, Jeremy"]
[Result "1/2-1/2"]
[WhiteElo "2240"]
[BlackElo "2365"]
[EventDate "1990.??.??"]
[PlyCount "47"]

1.d4 Nf6 2.Nf3 e6 3.e3 b6 4.Bd3 Bb7 5.O-O c5 6.b3 cxd4 7.exd4 Nc6 8.Bb2 
Be7 9.Nbd2 O-O 10.a3 Re8 11.Qe2 Bf8 12.Ng5 g6 13.Nde4 Nd5 14.Nxf7 Kxf7 15.
Qf3+ Kg8 16.c4 Bg7 17.cxd5 Nxd4 18.Bxd4 Bxd4 19.Rad1 Bxd5 20.Bc4 Bxc4 21.
bxc4 Be5 22.Qd3 Rf8 23.g3 Rf7 24.Rfe1 1/2-1/2

[Event "Kuala Lumpur zt"]
[Site "Kuala Lumpur"]
[Date "1990.??.??"]
[Round "?"]
[White "Johansen, Darryl Keith"]
[Black "Schmidt, Loren R"]
[Result "1-0"]
[WhiteElo "2420"]
[BlackElo "2260"]
[EventDate "1990.??.??"]
[PlyCount "67"]

1.e4 Nf6 2.e5 Nd5 3.d4 d6 4.c4 Nb6 5.exd6 cxd6 6.Nc3 g6 7.Bd3 Bg7 8.Nge2 
O-O 9.O-O Nc6 10.d5 Ne5 11.b3 Nxd3 12.Qxd3 Nd7 13.Be3 Nc5 14.Qd2 a6 15.Bd4
Bd7 16.Bxg7 Kxg7 17.Nd4 Rb8 18.Rfe1 b5 19.b4 Na4 20.Nxa4 bxa4 21.a3 Rc8 
22.Rac1 Re8 23.c5 Bb5 24.c6 Rc7 25.Rc3 Qc8 26.Rh3 Rh8 27.Qh6+ Kg8 28.Rg3 
Bc4 29.Nf5 Qf8 30.Qh4 Bxd5 31.Rxe7 Rxc6 32.Nh6+ Kg7 33.Qd4+ Kxh6 34.Rh3+ 
1-0

[Event "Kuala Lumpur zt"]
[Site "Kuala Lumpur"]
[Date "1990.??.??"]
[Round "?"]
[White "Lin, Ta"]
[Black "Rogers, Ian"]
[Result "1/2-1/2"]
[WhiteElo "2410"]
[BlackElo "2515"]
[EventDate "1990.??.??"]
[PlyCount "34"]

1.e4 Nf6 2.c4 e6 3.Nc3 Bb4 4.f3 d5 5.a3 Be7 6.a4 dxe4 7.fxe4 e5 8.d4 O-O 
9.Nf3 Bg4 10.h3 Bxf3 11.Qxf3 a5 12.Bd3 Na6 13.Bd2 Ne8 14.O-O Nd6 15.Qe2 
Bg5 16.Be1 c5 17.Kh1 g6 1/2-1/2

[Event "Kuala Lumpur zt"]
[Site "Kuala Lumpur"]
[Date "1990.??.??"]
[Round "?"]
[White "Schmidt, Loren R"]
[Black "Abdullah, Mansoor"]
[Result "0-1"]
[WhiteElo "2260"]
[BlackElo "2240"]
[EventDate "1990.??.??"]
[PlyCount "102"]

1.d4 Nf6 2.c4 g6 3.Nc3 Bg7 4.e4 d6 5.f3 O-O 6.Be3 Nc6 7.Qd2 e5 8.d5 Ne7 9.
Bd3 Ne8 10.O-O-O f5 11.Nge2 c5 12.dxc6 bxc6 13.c5 Be6 14.cxd6 Nxd6 15.Bc5 
Nb7 16.Na4 fxe4 17.fxe4 Qc7 18.Kb1 Bf7 19.Qc3 Nxc5 20.Nxc5 Nd5 21.Qa3 Nf4 
22.Ba6 Rad8 23.g3 Nxe2 24.Bxe2 Rd4 25.Rxd4 exd4 26.Bd3 Rd8 27.Qa4 Bf8 28.
Nb3 c5 29.Nd2 Rb8 30.Bc4 Bh6 31.Bxf7+ Qxf7 32.Rf1 Qb7 33.Qb3+ Qxb3 34.Nxb3
c4 35.Na5 c3 36.Nb3 a5 37.bxc3 a4 38.cxd4 axb3 39.axb3 Rxb3+ 40.Kc2 Re3 
41.e5 Bg5 42.Rb1 h6 43.h4 Be7 44.Rb7 Kf8 45.Kd2 Rxg3 46.d5 Bxh4 47.d6 Bg5+
48.Kc2 Re3 49.Rb8+ Kf7 50.Rb7+ Ke6 51.Rg7 Kf5 0-1

[Event "Kuala Lumpur zt"]
[Site "Kuala Lumpur"]
[Date "1990.??.??"]
[Round "?"]
[White "Torre, Eugenio"]
[Black "Abdullah, Mansoor"]
[Result "1-0"]
[WhiteElo "2550"]
[BlackElo "2240"]
[EventDate "1990.??.??"]
[PlyCount "71"]

1.d4 Nf6 2.c4 e6 3.Nf3 d5 4.Bg5 Be7 5.Nc3 h6 6.Bh4 O-O 7.e3 Nbd7 8.Qc2 c6 
9.Rd1 Re8 10.a3 dxc4 11.Bxc4 Nd5 12.Bxe7 Qxe7 13.Ne2 N5b6 14.Ba2 e5 15.O-O
e4 16.Bb1 Nf6 17.Nd2 Bg4 18.Rde1 Bxe2 19.Rxe2 Rac8 20.b4 a5 21.bxa5 Nbd5 
22.Nb3 Qxa3 23.Qc4 Qb4 24.Qxb4 Nxb4 25.Nc5 Nfd5 26.Rb2 f5 27.Nxb7 Ra8 28.
Nd6 Rf8 29.Nc4 Kh7 30.f3 exf3 31.gxf3 Na6 32.e4 fxe4 33.Bxe4+ Kg8 34.Ne5 
Rf6 35.Rc1 Ndb4 36.Rc4 1-0

[Event "La Paz zt (Women)"]
[Site "La Paz"]
[Date "1990.??.??"]
[Round "?"]
[White "Arbunic Castro, Giovanna B"]
[Black "Amura, Claudia Noemi"]
[Result "0-1"]
[WhiteElo "2185"]
[BlackElo "2285"]
[EventDate "1990.??.??"]
[PlyCount "70"]

1.e4 c5 2.Nf3 Nc6 3.d3 e6 4.g3 d5 5.Nbd2 Nf6 6.Bg2 Be7 7.O-O O-O 8.Re1 b5 
9.e5 Nd7 10.Nf1 a5 11.h4 b4 12.N1h2 Ba6 13.Bf4 a4 14.Ng5 Qe8 15.Bh3 Bd8 
16.Qh5 h6 17.Ng4 Bxg5 18.hxg5 f5 19.Nxh6+ gxh6 20.g6 Ne7 21.Bxh6 Qxg6 22.
Qxg6+ Nxg6 23.Bxf8 Kxf8 24.f4 Bb5 25.Rf1 Ke7 26.Rf2 a3 27.b3 Rg8 28.Kh2 d4
29.Rg1 Nb6 30.g4 fxg4 31.Rxg4 Nd5 32.Rfg2 Be8 33.Rg5 Ndxf4 34.Rf2 Nxh3 35.
Kxh3 Nf4+ 0-1

[Event "Bern zt"]
[Site "Bern"]
[Date "1990.??.??"]
[Round "1"]
[White "Brestian, Egon"]
[Black "Bischoff, Klaus"]
[Result "1/2-1/2"]
[WhiteElo "2470"]
[BlackElo "2505"]
[EventDate "1990.01.??"]
[PlyCount "44"]

1.Nf3 Nf6 2.d4 e6 3.e3 b6 4.Bd3 Bb7 5.Nbd2 c5 6.O-O cxd4 7.exd4 Be7 8.Re1 
O-O 9.c3 d6 10.Qe2 h6 11.Nf1 Nbd7 12.Bd2 Re8 13.Rad1 Bf8 14.Bc1 Qc7 15.Ng3
a6 16.Nd2 b5 17.Nde4 Bd5 18.Nxf6+ Nxf6 19.Ne4 Nh7 20.Ng3 Nf6 21.Ne4 Nh7 
22.Ng3 Nf6 1/2-1/2

[Event "Bern zt"]
[Site "Bern"]
[Date "1990.??.??"]
[Round "1"]
[White "Lev, Ronen"]
[Black "Bruk, Ofer"]
[Result "1-0"]
[WhiteElo "2390"]
[BlackElo "2435"]
[EventDate "1990.01.??"]
[PlyCount "83"]

1.d4 d5 2.c4 e6 3.Nc3 Be7 4.Qc2 dxc4 5.Nf3 a6 6.e3 Nf6 7.Bxc4 c5 8.dxc5 
Bxc5 9.O-O O-O 10.e4 b5 11.Bb3 Nfd7 12.e5 Nc6 13.Ne4 Nb4 14.Qc3 Be7 15.Bg5
Bb7 16.Rfe1 Rc8 17.Qd2 Bxe4 18.Rxe4 Nc6 19.Bxe7 Qxe7 20.Qe3 Rfd8 21.Rg4 
Nf8 22.h4 Nb4 23.h5 a5 24.Qh6 Ng6 25.Qe3 Nf8 26.Qb6 Qc5 27.Qxa5 Nd3 28.Rf1
Nxe5 29.Nxe5 Qxe5 30.h6 Ng6 31.hxg7 Qxb2 32.Qxb5 Rc1 33.Rxc1 Qxc1+ 34.Qf1 
Qc5 35.Qc4 Qf5 36.Qe4 Qc5 37.Qc4 Qe5 38.Re4 Qxg7 39.g3 Qf6 40.Qe2 Rd4 41.
a4 Ne7 42.Qg4+ 1-0

[Event "Bern zt"]
[Site "Bern"]
[Date "1990.??.??"]
[Round "1"]
[White "Manor, Ilan"]
[Black "Lobron, Eric"]
[Result "0-1"]
[WhiteElo "2450"]
[BlackElo "2545"]
[EventDate "1990.01.??"]
[PlyCount "122"]

1.d4 Nf6 2.Nf3 e6 3.Bg5 c5 4.c3 Be7 5.Nbd2 cxd4 6.cxd4 d5 7.e3 Nc6 8.Bd3 
h6 9.Bh4 Qb6 10.Qb1 Bd7 11.a3 a5 12.O-O O-O 13.Rc1 Rfc8 14.Rc2 Na7 15.Ne5 
Be8 16.h3 Rxc2 17.Qxc2 Rc8 18.Qb3 Qxb3 19.Nxb3 a4 20.Nd2 g5 21.Bg3 Bb5 22.
Rd1 Bd6 23.Bb1 Ne8 24.e4 Kg7 25.exd5 exd5 26.Re1 Nc6 27.Bf5 Rc7 28.Ndf3 
Ne7 29.Bb1 f6 30.Ng4 Bxg3 31.fxg3 h5 32.Ne3 Nd6 33.h4 g4 34.Nd2 f5 35.Ba2 
Bd3 36.Rd1 b5 37.Nb1 Bxb1 38.Rxb1 Nc4 39.Rc1 Rc6 40.Kf2 Nxb2 41.Rb1 Nc4 
42.Rxb5 Nd6 43.Rb2 Ne4+ 44.Ke2 Rc3 45.Nxd5 Nxg3+ 46.Ke1 Nxd5 47.Bxd5 Re3+ 
48.Kf2 Rxa3 49.Rb7+ Kf6 50.Ra7 Ne4+ 51.Bxe4 g3+ 52.Ke2 fxe4 53.Ra5 Ra2+ 
54.Ke3 Rxg2 55.Kf4 Rf2+ 56.Kxg3 Rf3+ 57.Kg2 a3 58.Ra4 Rb3 59.Kf2 Rf3+ 60.
Kg2 Rb3 61.Kf1 Rb1+ 0-1

[Event "Bern zt"]
[Site "Bern"]
[Date "1990.??.??"]
[Round "1"]
[White "Soffer, Ram"]
[Black "Rechlis, Gad"]
[Result "0-1"]
[WhiteElo "2440"]
[BlackElo "2470"]
[EventDate "1990.01.??"]
[PlyCount "74"]

1.d4 f5 2.Nc3 d5 3.Bg5 h6 4.Bf4 e6 5.e3 Nf6 6.Bd3 Bd6 7.Nf3 O-O 8.Ne5 Nc6 
9.Nxc6 bxc6 10.Na4 Qe7 11.O-O e5 12.dxe5 Bxe5 13.Bxe5 Qxe5 14.Be2 f4 15.
exf4 Qxf4 16.Nc5 Bf5 17.g3 Qb4 18.Nb3 Rae8 19.c3 Qb6 20.Bf3 Bh3 21.Bg2 Ng4
22.Qd2 Nxf2 23.Rxf2 Rxf2 24.Qxf2 Re2 25.Rf1 Rxf2 26.Rxf2 Bxg2 27.Kxg2 Qe3 
28.Nd2 c5 29.Kf1 a5 30.Re2 Qd3 31.Kf2 d4 32.Ne4 Qb1 33.a3 Qh1 34.h4 d3 35.
Re1 Qh2+ 36.Kf3 Qxb2 37.a4 c4 0-1